000 01379nam a2200361 i 4500
003 EG-GICUC
005 20260406202807.0
008 260406s1926 gw ||||fri||| 00| 0 ger d
040 _aEG-GiCUC
_bger
_cEG-GiCUC
_dEG-GiCUC
_erda
041 _ager
082 0 4 _221
_a341.3
_bAU.D
092 0 4 _221
099 _aLaw1 11 341.3 AU.D 1926
110 _kAuswärtiges Amt
_eAuthor.
245 _aDie Große Politik der Europäischen Kabinette 1871-1914 :
_bSammlung der Diplomatischen Akten des Auswärtigen Amtes .
_n4 Band ,
_pDie Dreibundmächte und England 1879-1889 /
_cAuswärtiges Amt .
264 _aBerlin :
_bDeutsche Verlagsgesellschaft für Politik und Geschichte ,
_c1926 .
300 _a419 pages ,
_c24 cm
_billustrations,
336 _2rda content
_atext
337 _2rda media
_aComputer
338 _2rda carrier
_aOnline Resource
490 _aDie Diplomatischen Akten des Auswärtigen Amtes 1871-1914
504 _aBibliography: pages 200-250.
546 _a Text in German
650 1 _aInternationales Recht
_zDeutschland
_2qrmak
650 1 _aInternationale Beziehungen
_2qrmak
651 1 _2qrmak
700 _aJohannes Lepsius
_eeditor.
700 _a Albrecht Mendelssohn Bartholdy
_eeditor.
700 _aFriedrich Thimme
_eeditor.
856 4 0 _uhttps://fll.law.cu.edu.eg/fulltext/bks/B11-08132.pdf
905 _a60
942 _2ddc
_cBK
_e21
_n0
999 _c69362
_d69362